| 000 | 00379nam a2200121Ia 4500 | ||
|---|---|---|---|
| 008 | 190722s9999 xx 000 0 und d | ||
| 020 | _a978-0-7494-6473-8 | ||
| 100 | _aSteven Van Belleghem | ||
| 245 | 4 | _aThe Conversation Company (Boost Your Business Through Culture, People & Social Media) | |
| 260 |
_aUSA / UK / New Delhi _bKogan Page Limited _c2012 |
||
| 300 | _a271 | ||
| 942 | _cBK | ||
| 999 |
_c411 _d411 |
||